| 000 | 00548nam a2200193Ia 4500 | ||
|---|---|---|---|
| 005 | 20250508153755.0 | ||
| 008 | 008 250505s9999 xx 000 0 eng d | ||
| 037 | _aTextual | ||
| 040 |
_aFEDL _beng _cFEDL |
||
| 041 |
_aeng _2eng |
||
| 084 |
_a017, SAI _qFEDL |
||
| 245 | 0 | _aLibrary catalogue, 1905 | |
| 245 | 4 | _cThe Teacher's College Saidapet | |
| 260 |
_aMadras, India _bThe Superintendent, Government Press India _c1905 |
||
| 300 | _a180p. | ||
| 650 | _aBibliography | ||
| 942 |
_cTEXL _h017, SAI |
||
| 999 |
_c1345398 _d1345398 |
||